Sorpcia liečiv na upravených sorbentoch

Uložené v:
Podrobná bibliografia
Hlavný autor: Otiepková, Simona (Autor)
Ďalší autori: Soldán, Maroš (Vedúci práce)
Médium: Rukopis Kniha
Jazyk:Slovak
Vydavateľské údaje: 2025
Predmet:
On-line prístup:http://is.stuba.sk/zp/portal_zp.pl?podrobnosti=183729
Tagy: Pridať tag
Žiadne tagy, Buďte prvý, kto otaguje tento záznam!

MARC

LEADER 00000ntm a22000003a 4500
001 stuzp105527
003 SK-STU
005 20250614213913.1
007 ta
008 150427s2015----xo-----f-mn---000-0-slo-d
040 |a STU  |b slo 
041 0 |a slo 
100 1 |a Otiepková, Simona  |u 065000  |4 aut  |U MTF Materiálovotechnologická fakulta  |T MTF Ústav integrovanej bezpečnosti  |X 109887  |U M5000  |Y 85  |7 109887 
242 0 1 |a Sorption of drugs on modified sorbents  |y eng 
245 1 0 |a Sorpcia liečiv na upravených sorbentoch 
260 |c 2025 
650 4 |a charcoal activated  |2 eng 
650 4 |a wood chips  |2 eng 
650 4 |a black nickel mud  |2 eng 
650 4 |a red mud  |2 eng 
650 4 |a adsorbents  |2 eng 
650 4 |a adsorption  |2 eng 
650 4 |a drugs  |2 eng 
650 4 |a ibuprofen  |2 eng 
650 4 |a aktívne uhlie  |2 slo 
650 4 |a drevná štiepka  |2 slo 
650 4 |a lúženec  |2 slo 
650 4 |a červený kal  |2 slo 
650 4 |a adsorbenty  |2 slo 
650 4 |a adsorpcia  |2 slo 
650 4 |a liečivá  |2 slo 
650 4 |a ibuprofén  |2 slo 
700 1 |a Soldán, Maroš  |u 065000  |k Z1  |4 ths  |U MTF Materiálovotechnologická fakulta  |T MTF Ústav integrovanej bezpečnosti  |X 2878  |U M5000  |Y 85  |7 A000002878 
856 4 |u http://is.stuba.sk/zp/portal_zp.pl?podrobnosti=183729 
996 |c M* DP-15621  |l MMSKP  |s P  |a 0  |w stuzp105527_0001